Heating up and cooling down

Bibliographic Details
Main Author: Tan, Eunice
Corporate Author: Title
Format: Book
Published: Selangor : Nikaz Publications , 2004
Series:Science all around me
Subjects:

MARC

LEADER 00000cam a2200000 7i4500
001 0000006987
005 20151222.0
008 070828
020 |a 9831880455(set) 
020 |a 9831880498 
090 0 0 |a JF   |b SC ENG (7630) 
100 1 |a Tan, Eunice 
245 1 0 |a Heating up and cooling down   |c Eunice Tan 
260 |a Selangor :   |b Nikaz Publications ,   |c 2004 
440 |a Science all around me 
500 |a Children ages 7-9 years old (orange) 
650 0 |a Heat   |x Juvenile literature 
650 0 |a Temperature   |x Juvenile literature 
710 0 |a Title 
999 |a 0000951486   |b Book   |c Children Collection   |e Cawangan Bandar Penawar 
999 |a 0000988227   |b Book   |c Children Collection   |e Perbadanan Perpustakaan Awam Johor 
999 |a 0000988231   |b Book   |c Children Collection   |e Perbadanan Perpustakaan Awam Johor